000 00642nam a22002417a 4500
001 77246
003 BD-RjUL
005 20211209082941.0
008 200308s1948 enk||||| |||| 00| 0 eng d
035 _a(BD-RjUL)77471
040 _aBD-RjUL
_beng
_cBD-RjUL
041 _aeng
082 _223
_a821.7
_bBYP 1948
100 _aByron, Lord.
_9240465
245 _aPoems /
_cLord Byron; volume three: Don Juan
250 _aNew rev. ed.
260 _aLondon :
_bJ.M. Dent and Sons,
_c1948.
300 _a v.;
_c17 cm.
505 0 1 _avol. 2 -- v. 3 --
650 _aEnglish poetry
_9240466
700 _aJuan, Don.
_9240467
942 _2ddc
_cBK
999 _c77246
_d77246